Swedish cities ending with eå - Statistics

General Stats
  • This quiz has been taken 26 times
  • The average score is 5 of 13
Answer Stats
Hint Answer % Correct
43,574 Luleå
100%
83,249 Umeå
96%
23,067 Piteå
91%
35,516 Skellefteå
87%
7,399 Sollefteå
48%
2,533 Bureå
26%
1,305 Täfteå
13%
512 Bygdeå
9%
1,906 Övertorneå
9%
1,966 Råneå
9%
516 Lögdeå
4%
270 Gideå
0%
255 Gideå
0%
No matching quizzes found
Score Distribution
Percent of People with Each Score
Percentile by Number Answered
Your Score History
You have not taken this quiz